000 02088nam a2200301 4500
003 EC-UNACH
005 20251105163833.0
006 s||||gr|||| 00| 00
008 150116t9999 mx r gr 000 0 spa d
020 _as/n
040 _aEC-UNACH
_cEC-UNACH
041 _aspa
082 0 4 _223
_a657
_bL017950
110 _aEdi - Gab
245 _aNormas internacionales de contabilidad
250 _aSegundo Edición
264 _as/n
_bEdi - Gab
_c2009
300 _a542
505 _a- Presentación de estados financieros - -Existencias -- Estado de flujos de efectivo - - Políticas contable , cambios en estimaciones contables y errores - - Hechos posteriores a la fecha de balance - - Contar tatos de construcción - - Impuestos sobre las guanacias - - Inmovilizado material - - Arrendamientos - -Ingresos ordinarios - - Retribuciones a los empleados - - Contabilización de las subvenciones oficiales e información a revelar sobre ayudas publicas - -Efectos de las variaciones en las tazas de cambio de la moneda extranjera - - Costes por interés- - Información de revelar sobre partes vinculadas - -Contabilización e información financiera sobre planes de prestaciones por retiro - - Estados financieros consolidados y separados - -Inversiones en entidades asociadas - - Información financiera en economías hiperinflacionarias - - Participación en negocios conjuntos - - Instrumentos financieros :presentación - -Interpretación CINIIF cambios en pasivos existentes por desmantelamiento , restauración y similares - -Deterioro del valor de los activos - - Provisiones , activos contingentes y pasivos contingentes - - Activos inmateriales - - Instrumentos financieros :reconocimiento y valoración - -Inversiones movilizaras - - Agricultura
650 _aMARCO CONCEPTUAL DE LAS NORMAS INTERNACIONALES DE CONTABILIDAD
650 _aOBJETIVOS DEL IASC
650 _aESTADOS FINANCIEROS PUBLICADOS
700 _aNIC
942 _2ddc
_c1
999 _c14143